| 000 | 00922nam a22002297a 4500 | ||
|---|---|---|---|
| 001 | 4025 | ||
| 003 | FISKH | ||
| 005 | 20250820123903.0 | ||
| 008 | 240531b cb ||||| |||| 00| 0 eng d | ||
| 020 | _a 9781743002179 | ||
| 040 |
_aFISKH _beng _cFISKH _dFISKH |
||
| 100 |
_aMoroney, Trace _eauthor |
||
| 245 |
_aRow, Row, Row Your Boat / _cby Trace Moroney |
||
| 260 |
_a Scoresby , Victoria : _bThe Five Mile Press ; _c2011 |
||
| 300 |
_a8 unnumbered pages : _bcolor illustrations ; _c15 cm . |
||
| 505 | _aB | ||
| 520 | _aChildren may have fun as they piece together the giant floor puzzles. Suitable for children aged 2 and over, this title includes the puzzles made up of 25 large kid-friendly pieces. It includes a handy storage box for the floor puzzle and slipcase for the book. | ||
| 521 | 8 |
_a40
_bLexile estimate |
|
| 521 | 8 |
_aB
_bRaz-PLus |
|
| 650 |
_aWater _vFiction |
||
| 942 |
_2ddc _cBK _n0 |
||
| 999 |
_c4025 _d4025 |
||